Normal view
MARC view
- Electrical Engineering Fundamentals
Entry Topical Term
001 - CONTROL NUMBER
- control field: 123532
003 - CONTROL NUMBER IDENTIFIER
- control field: NUST
005 - DATE AND TIME OF LATEST TRANSACTION
- control field: 20240612142645.0
008 - FIXED-LENGTH DATA ELEMENTS
- fixed length control field: 240612|| aca||aabn | a|a d
040 ## - CATALOGING SOURCE
- Original cataloging agency: NUST
- Transcribing agency: NUST
150 ## - HEADING--TOPICAL TERM
- Topical term or geographic name entry element: Electrical Engineering Fundamentals
670 ## - SOURCE DATA FOUND
- Source citation: Work cat.: (NUST): Toro ,Vincent Del 57112, Electrical Engineering Fundamentals, 2007.
